יישובי הערבה - Statistics

General Stats
  • This quiz has been taken 11 times
  • The average score is 10 of 21
Answer Stats
שם היישוב % Correct
אילות
80%
חצבה
80%
אילת
70%
יטבתה
70%
פארן
70%
צופר
70%
עין יהב
70%
סמר
60%
גרופית
60%
אליפז
50%
צוקים
50%
לוטן
40%
יהל
40%
ספיר
40%
עידן
40%
באר אורה
30%
קטורה
30%
עין חצבה
30%
עין תמר
20%
נאות הכיכר
20%
עיר אובות
10%
No matching quizzes found
Score Distribution
Percent of People with Each Score
Percentile by Number Answered
Your Score History
You have not taken this quiz